| 000 | 00797nam a22002417a 4500 | ||
|---|---|---|---|
| 001 | BD-DhSAU 7487 | ||
| 003 | BD-DhSAU | ||
| 005 | 20150523193755.0 | ||
| 008 | 150523b1990 ii a|||| |||| 00| 0 eng d | ||
| 040 | _aBD-DhSAU | ||
| 082 |
_222 _a578.012 _bBIP |
||
| 100 | _aBilgrami, K. S. | ||
| 245 |
_aPhytochemistry and plant taxonomy : _bproceedings of U.G.C. sponsored national symposium on phytochemistry in relation to botanical classification / _cK. S. Bilgrami, J. V. V. Dogra |
||
| 260 |
_aDelhi, India : _bCBS, _cc1990. |
||
| 300 |
_avi, 238 p. : _bill. ; _c24 cm. |
||
| 504 | _aIncludes bibliographical reference. | ||
| 590 | _aJerin | ||
| 650 | _aGenetics plant Breeding | ||
| 650 | _aplant taxonomy | ||
| 650 | _aPhytochemistry | ||
| 700 | _aDogra, J. V. V. | ||
| 942 |
_2ddc _cBOOK |
||
| 999 |
_c7487 _d7487 |
||